Bilecik Bilecik Bilecik Bilecik Bilecik

Tarihte Türklük/ (Record no. 6777)

MARC details
000 -BAŞLIK
Sabit Uzunluktaki Kontrol Alanı 01111nam a22003617a 4500
001 - KONTROL NUMARASI
Control Dosyası 0006796
003 - KONTROL NUMARASI KİMLİĞİ
Kontrol Alanı KOHA_MİRAKIL
005 - EN SON İŞLEM TARİHİ ve ZAMANI
Kontrol Alanı 20260207001534.0
007 - FİZİKSEL TANIM SABİT ALAN - GENEL BİLGİ
Sabit uzunluklu kontrol alanı ta
008 - SABİT UZUNLUKTAKİ VERİ ÖGELERİ - GENEL BİLGİ
Sabit Alan 090806b1996 tu |||gr||||#0|||0|tur |
020 ## - ISBN - ULUSLARARASI STANDART KİTAP NUMARASI
Isbn 9754560137
040 ## - KATALOGLAMA KAYNAĞI
Özgün Kataloglama Kurumu TR-BiSEU
Kataloglama Dili tur
Çeviri Kurumu TR-BiSEU
Açıklama Kuralları rda
041 0# - DİL KODU
Metin ya da ses kaydının dil kodu tur
044 ## - YAYINLAYAN/ÜRETEN KURULUŞUN ÜLKE KODU
ISO country code tu
050 ## - SINIFLAMA ve YER NUMARASI
Sınıflama Numarası DR434
Yer Numarası .R37 1996
100 1# - KİŞİ ADI
Yazar Adı (Kişi adı) Rásonyi, László.
245 1# - ESER ADI BİLDİRİMİ
Başlık Tarihte Türklük/
Sorumluluk Bildirimi László Rásonyi ; László Rásonyi.
264 #1 - ÜRERİM, YAYIN, DAĞITIM ve TELİF BİLDİRİMİ
Yayın yeri Ankara :
Yayınlayan Türk Kültürünü Araştırma Enstitüsü
Yayın tarihi 1996
300 ## - FİZİKSEL TANIMLAMA
Sayfa, Cilt vb. VII, 420 sayfa
336 ## - İÇERİK TÜRÜ
Content type term metin
Content type code txt
Source rdacontent
337 ## - MEDYA TÜRÜ
Media type term aracısız
Media type code n
Source rdamedia
338 ## - TAŞIYICI TÜRÜ
Carrier type term cilt
Carrier type code nc
Source rdacarrier
490 1# - DİZİ BİLDİRİMİ
Dizi Bildirimi Türk Kültürünü Araştırma Enstitüsü yayınları ;152.
490 1# - DİZİ BİLDİRİMİ
Dizi Bildirimi Seri III-Sayı: A38.
500 ## - GENEL NOT
Genel Not Dizin var.
650 #0 - KONU BAŞLIĞI EK GİRİŞ - KONU TERİMİ
Konusal terim veya coğrafi ad Turks.
9 (RLIN) 3668
650 #0 - KONU BAŞLIĞI EK GİRİŞ - KONU TERİMİ
Konusal terim veya coğrafi ad Ethnology--Turkey.
9 (RLIN) 10938
650 #0 - KONU BAŞLIĞI EK GİRİŞ - KONU TERİMİ
Konusal terim veya coğrafi ad Turkey--History.
9 (RLIN) 5455
830 1# - SERİ EK GİRİŞİ - TEKBİÇİM ESER ADI
Tekbiçim Başlık Türk Kültürünü Araştırma Enstitüsü yayınları ;152.
9 (RLIN) 16807
830 1# - SERİ EK GİRİŞİ - TEKBİÇİM ESER ADI
Tekbiçim Başlık Seri III-Sayı: A38.
9 (RLIN) 16808
907 ## - LOCAL DATA ELEMENT G, LDG (RLIN)
a Tarih
942 ## - EK GİRİŞ ÖGELERİ (KOHA)
Source of classification or shelving scheme Library of Congress Classification
Koha item type Book
Holdings
Materyal Türü Kalıcı Konum Mevcut Konum Raf Yeri Sınıflandırma Kaynağı Edinim Bilgisi Ana Konular Alt Konular Yer Numarası Demirbaş Numarası Fatura Tarihi Maliyet, Alış Fiyatı Maliyet, Yenileme Fiyatı Geri Çekilme Durumu Kayıp Durumu Hasarlı Durumu Kredi için değil Kayıt Tarih Toplam Ödünçverme Son Görülme Tarihi Son Kontrol Tarihi Genel / Bağış Notu
Book Prof. Dr. Azmi Özcan Kütüphanesi Prof. Dr. Azmi Özcan Kütüphanesi Uluğbey Salonu Library of Congress Classification Bağış DÜNYA TARİHİ (AVRUPA, ASYA, AFRİKA VB.) Balkan Yarımadası DR434 .R37 1996 0006796 13/08/2010 4.00 4.00         06/08/2009 22 05/12/2024 05/12/2024 Genel Bağış